| 000 | 00000nam 2200000za 4500 |
| 001 | 9.639735 |
| 003 | CaOODSP |
| 005 | 20240426083421 |
| 007 | cr ||||||||||| |
| 008 | 150407|2009||||xxc|||||o f|0| 0 fre d |
| 040 | |aCaOODSP|bfre |
| 043 | |an-cn--- |
| 086 | 1 |aHR4-14/2009F-PDF |
| 110 | 2 |aCommission canadienne des droits de la personne. |
| 245 | 10|aL'ajout de la condition sociale à la Loi canadienne sur les droits de la personne / |h[ressource électronique]|c[par] Wayne MacKay and Natasha Kim. |
| 260 | |aOttawa - Ontario : |bCommission canadienne des droits de la personne |cFévrier 2009. |
| 300 | |a162p. |
| 500 | |aLe fichier de publication en format PDF a été remplacé le 25 avril 2024 à la requête de la Commission canadienne des droits de la personne. Le nouveau fichier comporte une notice « document archivé ». |
| 504 | |aBibliographie. |
| 590 | |a12-03-Supp|b2012-02-14 |
| 691 | 07|aDroits de la personne|2gcpds |
| 720 | 1 |aMacKay, Wayne |
| 720 | 1 |aKim, Natasha |
| 775 | 08|tAdding social condition to the Canadian Human Rights Act / |w(CaOODSP)9.695572 |
| 856 | 40|ahttp://publications.gc.ca|qPDF|s1.72 Mo|uhttps://publications.gc.ca/collections/collection_2012/ccdp-chrc/HR4-14-2009-fra.pdf |
| 856 | 4 |qHTML|sS.O.|uhttps://www.chrc-ccdp.gc.ca/fr/ressources/publications/archive-lajout-de-la-condition-sociale-a-la-loi-canadienne-sur-les-droits |